000 00477nam a2200157 4500
001 126914
003 ES-MaACL
005 20230906192913.0
007 t|
008 070214s1948 sp r ||||1| spa d
100 1 _aRey Caballero, José María del.
_996519
245 1 0 _aCervantes y la previsión /
_cJosé María del Rey Caballero.
260 _aMadrid :
_b[s.n.],
_c1948 (
_fSucesores de Rivadaneyra)
300 _a42 p. ;
_c25 cm.
852 _aES-MaACL
_j1891-F-9
_bR.26351
999 _c126914
_d126914